00311cam a22001097a 4500008004000000082001600040100001700056245006800073260002300141300001000164650002700174180718b1981 xxu||||| |||| 00| 0 eng d aN21x54 R164 aRaina, Asoka aInside RAW: the story of India's secret servicecby Asoka Raina aDelhibVikasc1981 a114p. aSecret service - India